| 000 | 02001nam a2200433 c 4500 | ||
|---|---|---|---|
| 003 | BLK | ||
| 005 | 20180422113928.0 | ||
| 008 | 180410b bul|||||r ||||||| ||bul|| | ||
| 010 | _aKNG00171037000 | ||
| 020 |
_a978-619-204-008-6 _bиздат.: Бълг. писател |
||
| 040 | _aBLK | ||
| 041 |
_aBUL _cBUL |
||
| 072 | 7 |
_2bullib _aН82 _xЛитературознание Н |
|
| 080 |
_aБългарска литература _b821.163.2 _x(092) _z821.163.2(092) |
||
| 080 |
_aБългарска литература _b821.163.2 _x-31.09 _z821.163.2-31.09 |
||
| 080 |
_aПенчо Пенчев Линов. Български писател и драматург _b929 Пелинов, Пелин _x _z929 Пелинов, Пелин |
||
| 100 | 1 |
_aКадиев, Марин Стоянов _eпърви автор _9370293 |
|
| 139 |
_aКадиев, Марин Стоянов _bП 33 |
||
| 245 | 1 | 0 |
_aВъзход без падение _bЛит.-крит. очерк. ; Анкета _cМарин Стоянов Кадиев. |
| 257 | _aBGR | ||
| 260 |
_аСофия _bБълг. писател _c2015 _fБлагоевград : Бон |
||
| 300 |
_a263 с. _bсъс сн. _c22 см |
||
| 380 | _a82 | ||
| 500 | _aИстинското име на Пелин Пелинов е Пенчо Пенчев Линов. - Съдържа и за авт. - Библиогр. под линия. | ||
| 600 | 1 | 4 |
_aПелинов, Пелин _9107875 |
| 650 | 4 |
_aПелинов, Пелин _9107875 |
|
| 650 | 4 |
_aПисатели, български - творчество _9250544 |
|
| 651 | 4 |
_aБългария _9241624 |
|
| 653 | _aПелин Пелинов | ||
| 653 | _aбългарски писатели | ||
| 653 | _aлитературна критика | ||
| 653 | _aбългарска литература | ||
| 659 | _aН | ||
| 852 | _aЦб 272612 | ||
| 856 | 4 |
_qpdf _u |
|
| 856 | 4 |
_qpdf _u |
|
| 942 |
_cKNG _n0 |
||
| 944 |
_aCR _c11.02.2015 _lф / _kВиолета_Тройчева |
||
| 944 |
_aED _c25.09.2015 _lф / _kПенка_Димитрова |
||
| 999 |
_c163584 _d163584 |
||